| 000 | 01273nam a2200301 i 4500 | ||
|---|---|---|---|
| 001 | 000041218 | ||
| 003 | DO-SdBNP | ||
| 005 | 20260428142736.0 | ||
| 007 | ta | ||
| 008 | 130926s1996 dr ||||| |||| 00| 0 spa d | ||
| 040 |
_aDO-SdBNP _bspa _cBNPHU _erda |
||
| 041 | _aspa | ||
| 082 | 4 |
_a956 _bB742b _222 |
|
| 100 | 1 |
_a Bosch, Juan, _d1909-2001 _eautor _4aut. _976555 |
|
| 245 | 1 | 0 |
_aBreve historia de los pueblos árabes / _cJuan Bosch. |
| 250 | _atercera edición | ||
| 264 | 1 |
_aSanto Domingo : _bEditora Alfa & Omega ; _c1996. |
|
| 300 |
_a177 páginas ; _c21 cm. |
||
| 336 |
_atexto _btxt _2rdacontent |
||
| 337 |
_asin mediación _bn _2rdamedia |
||
| 338 |
_avolumen _bnc _2rdacarrier |
||
| 505 |
_aOrigen de este libro -- _tPrefacio -- _tDesde el imperio Árabe hasta el imperio otomano -- _tLos países árabes hasta el final de la primera guerra mundial -- _tLa segunda guerra mundial: más países árabes y formación del estado de Israel -- _tLo que significó para los palestinos la instalación en su territorio del estado israelí. |
||
| 590 | _aInventariado, 2023 / DG | ||
| 651 | 4 |
_aCercano Oriente _xHistoria _ySiglo XX _960528 |
|
| 651 | 4 |
_aPaíses Árabes _xHistoria _9259 |
|
| 910 | _aDG. Validado. Control de calidad /MAA | ||
| 942 |
_2ddc _cLBS1 |
||
| 999 |
_c40708 _d40708 |
||